Mother Jones (Record no. 48756)
[ view plain ]
| 000 -LEADER | |
|---|---|
| fixed length control field | 01996nam a2200409 a 4500 |
| 082 04 - DEWEY DECIMAL CLASSIFICATION NUMBER | |
| Classification number | 331.88092 |
| -- | B |
| 100 1# - MAIN ENTRY--AUTHOR NAME | |
| Personal name | Cordery, Simon, |
| 245 10 - TITLE STATEMENT | |
| Title | Mother Jones |
| 260 ## - PUBLICATION, DISTRIBUTION, ETC. (IMPRINT) | |
| Place of publication | Albuquerque : |
| Name of publisher | University of New Mexico Press, |
| Year of publication | 2010. |
| 300 ## - PHYSICAL DESCRIPTION | |
| Number of Pages | x, 213 p. : |
| Other physical details | ill. |
| 505 0# - FORMATTED CONTENTS NOTE | |
| Formatted contents note | Introduction : Mother Jones and the American labor movement -- An Irish inheritance -- Leaving homes -- The making of Mother Jones -- Sampling the labor scene -- Organizing coal country -- Calling on President Roosevelt -- Defending undesirables, promoting socialism -- The coal war resumed -- Massacre at Ludlow -- Streetcars and steel -- Mother Jones of America. |
| 650 #0 - SUBJECT ADDED ENTRY--TOPICAL TERM | |
| Topical Term | Women labor leaders |
| Topical Term | Women social reformers |
| Topical Term | Coal miners |
| Topical Term | Labor |
| 856 40 - ELECTRONIC LOCATION AND ACCESS | |
| Uniform Resource Identifier | http://site.ebrary.com/lib/rucke/Doc?id=10639522 |
No items available.
